Can you guess the "Tangled: The Series" Song? - Statistics

General Stats
  • This quiz has been taken 9 times
    8 since last reset
  • The average score is 82 of 183
Answer Stats
Answer % Correct
I
100%
in
100%
to
100%
When
100%
a
80%
back
80%
be
80%
my
80%
no
80%
Not
80%
not
80%
nothing
80%
the
80%
We
80%
we
80%
What
80%
who
80%
world
80%
you
80%
do
60%
forever
60%
has
60%
it
60%
one
60%
out
60%
this
60%
we're
60%
where
60%
with
60%
would
60%
an
40%
as
40%
at
40%
could
40%
couldn't
40%
ever
40%
go
40%
had
40%
How
40%
it's
40%
It's
40%
look
40%
make
40%
Now
40%
now
40%
of
40%
our
40%
So
40%
so
40%
story
40%
There's
40%
there's
40%
Why
40%
wish
40%
Without
40%
been
20%
bending
20%
betcha
20%
blaze
20%
but
20%
by
20%
Cause
20%
clear
20%
come
20%
days
20%
destined
20%
different
20%
ending
20%
face
20%
far
20%
fated
20%
final
20%
find
20%
future
20%
glorious
20%
head
20%
heck
20%
here
20%
If
20%
knows
20%
let's
20%
Let's
20%
managed
20%
Maybe
20%
might
20%
moment
20%
more
20%
most
20%
must
20%
never
20%
or
20%
own
20%
paths
20%
perhaps
20%
point
20%
pretending
20%
pride
20%
ride
20%
separated
20%
side
20%
sighted
20%
Somehow
20%
sorrow
20%
stand
20%
stay
20%
stick
20%
still
20%
sweet
20%
than
20%
these
20%
together
20%
tomorrow
20%
tremble
20%
undivided
20%
united
20%
way
20%
ways
20%
we'll
20%
we've
20%
No matching quizzes found
Score Distribution
Percent of People with Each Score
Percentile by Number Answered
Your Score History
You have not taken this quiz since the last reset